| 000 | 00603nam a2200217Ia 4500 | ||
|---|---|---|---|
| 005 | 20260429112143.0 | ||
| 008 | 260429s9999||||xx |||||||||||||| ||und|| | ||
| 020 | _a9781032606965 | ||
| 041 | _aEnglish | ||
| 082 |
_a781.11 _bHOD |
||
| 100 | _aHodges, Donald A. | ||
| 245 | 0 |
_aMusic in the human experience : _ban introduction to music psychology / _cDonald A. Hodges |
|
| 250 | _a3rd ed. | ||
| 260 |
_aNew York : _bRoutledge, _c2025. |
||
| 300 | _axxi, 519 p.; pbk | ||
| 650 | _a Human experience | ||
| 650 | _a Psychology | ||
| 650 | _aMusic | ||
| 700 | _a McPherson, Gary E. | ||
| 942 | _cTB | ||
| 999 |
_c52625 _d52625 |
||